Т. 65, № 3; Радиотехника и электроника

Bibliografiske detaljer
Parent link:Радиотехника и электроника/ Российская академия наук (РАН), Отделение физических наук. Т. 65, № 3.— , 1956-
Sprog:russisk
Udgivet: 2020
Online adgang:https://sciencejournals.ru/view-issue/?j=radel&y=2020&v=65&n=3
https://elibrary.ru/contents.asp?id=42414364
Format: Electronisk Bog
KOHA link:https://koha.lib.tpu.ru/cgi-bin/koha/opac-detail.pl?biblionumber=589459

MARC

LEADER 00000nam2a2200000 4500
001 589459
005 20231101131547.0
035 |a (RuTPU)RU\TPU\prd\292175 
035 |a RU\TPU\prd\292174 
090 |a 589459 
100 |a 20230117a19569999k y0rusy50 ca 
101 0 |a rus 
102 |a RU 
181 0 |a i  
182 0 |a b 
200 0 |a Т. 65, № 3  |b Электронный ресурс 
203 |a Текст  |c электронный 
210 |d 2020 
461 1 |0 (RuTPU)RU\TPU\prd\325  |t Радиотехника и электроника  |f Российская академия наук (РАН), Отделение физических наук  |v Т. 65, № 3  |d 1956- 
801 0 |a RU  |b 63413507  |c 20010227  |g PSBO 
801 1 |a RU  |b 63413507  |c 20170126 
801 2 |a RU  |b 63413507  |c 20230117  |g RCR 
856 4 0 |u https://sciencejournals.ru/view-issue/?j=radel&y=2020&v=65&n=3 
856 4 0 |u https://elibrary.ru/contents.asp?id=42414364 
942 |c BK